The Visitor - Sienna Spiro [Paroles] - Statistiques

Statistiques générales
  • Ce quiz a été pris 6 fois
  • Le résultat moyen est 216 sur 221
Statistiques - réponses
Réponse % Correct
a
100%
All
100%
all
100%
always
100%
are
100%
arms
100%
arms,
100%
back
100%
be
100%
But
100%
but
100%
cynical
100%
do
100%
for
100%
For
100%
forget
100%
holding
100%
hours,
100%
I
100%
if
100%
I'll
100%
I'm
100%
In
100%
in
100%
It's
100%
know
100%
Know
100%
lay
100%
love
100%
me,
100%
me
100%
mind,
100%
mind
100%
mine
100%
my
100%
nature
100%
need
100%
night
100%
no,
100%
no
100%
of
100%
oh
100%
on
100%
one
100%
pleasure
100%
remembered,
100%
say
100%
Say
100%
so
100%
some
100%
some'
100%
special
100%
temporary
100%
that
100%
that's
100%
the
100%
Then
100%
things
100%
things,
100%
time
100%
to
100%
visitor,
100%
visitor
100%
wanna
100%
want
100%
We
100%
we
100%
won't
100%
you
100%
your
100%
you're
100%
You're
100%
yours
100%
inspire
67%
mm,
67%
mm
67%
Mm,
67%
seem
67%
stay
67%
towers,
67%
expire,
33%
get
33%
hysterical
33%
rented
0%
Aucun quiz correspondant
Distribution des résultats
% des personnes avec chaque résultat
Percentile par nombre de réponses
Votre historique - résultats
Vous n’avez pas pris ce quiz